| 000 | 01537aam a2200325 i 4500 | ||
|---|---|---|---|
| 001 | 768714001 | ||
| 003 | CO-MdFUSB | ||
| 005 | 20211029161206.0 | ||
| 007 | ta | ||
| 008 | 211029t1991 -us |||| |||| 00| 0 spa d | ||
| 020 | _a088130508 | ||
| 040 |
_bspa. _aCO-MdFUSB _cCO-MdFUSB _dCO-MdFUSBC _erda |
||
| 041 |
_aspa _heng |
||
| 082 | 0 | 4 |
_a262.9 _223 _bL267c |
| 100 | 1 |
_aLaney, J. Carl (1948-) _eautor |
|
| 240 | _aA guide to church discipline | ||
| 245 | 1 | 0 |
_aCuando en la iglesia hay pecado : _buna guía bíblica para la disciplina en la iglesia _c/ J. Carl Laney ; traducido por Hugo Zelaya |
| 264 | 1 |
_aMinneapolis, MN., USA : _bBetania, _c[1991] |
|
| 264 | 4 | _c© 1991 | |
| 300 |
_a174 Páginas _c; 21 cm |
||
| 336 |
_atexto _btxt _2rdacontent |
||
| 337 |
_2rdamedia _asin mediación _bn |
||
| 338 |
_2rdacarrier _avolumen _bnc |
||
| 505 | _aLa iglesia sin disciplina. -- El modelo para la disciplina en la iglesia. -- Un tiempo para disciplinar. -- Los pasos para la disciplina: la enseñanza de Jesús. -- Los pasos para la disciplina: la enseñanza de Pablo. -- Autoridad para disciplinar. -- El propósito de la disciplina. -- La restauración después de la disciplina. -- Los resultados después de la disciplina. -- La disciplina de los líderes cristianos. -- Los peligros de la disciplina en la iglesia. -- Preguntas concernientes a la disciplina de la iglesia. | ||
| 563 | _aRústico | ||
| 650 | 0 |
_91206 _aDisciplina eclesiástica |
|
| 700 |
_95850 _aZelaya, Hugo, _eautor |
||
| 942 | _cBK | ||
| 945 | _aJTF-925 | ||
| 999 |
_c37420 _d37420 |
||